000 01097nam a22002657a 4500
005 2009080405165.0
008 090728t xxu||||| |||| 00| 0 pun d
010 _aPUN-7371
020 _c250.00
_a9788171165919
035 _aPN-6489
037 _bDBAD / PUB/ਨੈਸ਼ਨਲ ਬੁਕ ਸ਼ਾਪ
040 _adpl
_bPN
082 _a851
100 _937323
_aਗੁਰਚਰਨ ਸਿੰਘ 'ਚਰਨ'
245 _aਪਰਉਪਕਾਰ ਤੇਰੇ /
_cਗੁਰਚਰਨ ਸਿੰਘ 'ਚਰਨ'
246 _aDharti Di Gazal -part-2
_bby Harbhajan Singh Komal
260 _aਦਿੱਲੀ
_bਨੈਸ਼ਨਲ ਬੁਕ ਸ਼ਾਪ
_c2012
270 _aਪਲੱਈਅਰ ਗਾਰਡਨ ਮਾਰਕਿਟ,ਚਾਂਦਨੀ ਚੋਂਕ
_bਦਿੱਲੀ
_k011-23264342
300 _a158ਪਂ;
_b21 ਸੇਂਮੀ(ਸਜਿਲਦ)
650 _937324
650 _937325
700 _952947
942 _2ddc
_cPN
_h851
_mਗੁਰਚ
999 _c70695
_d70695